Click 50 European subdivisions - Statistics

General Stats
  • This quiz has been taken 34 times
    9 since last reset
  • The average score is 29 of 40
Answers on the Map
Answers color-coded by a green-red scale on the quiz's map according to % correct below.
 
Answer Stats
Answer % Correct
Bavaria
100%
Berlin
100%
Flanders
100%
Galicia
100%
Saxony
100%
Aragon
83%
Basque Country
83%
Brittany
83%
Crete
83%
England
83%
Grand Est
83%
Karelia
83%
Moscow
83%
Normandy
83%
Northern Ireland
83%
Prague
83%
Sardinia
83%
Scotland
83%
Sicily
83%
Veneto
83%
Vienna
83%
Wales
83%
Wallonia
83%
Andalusia
67%
Bremen
67%
Calabria
67%
Catalonia
67%
Chechnya
67%
Corsica
67%
Hesse
67%
Lazio
67%
Styria
67%
Adygea
50%
Dagestan
50%
Hamburg
50%
Saarland
50%
Campania
33%
Komi
33%
Molise
33%
Marche
17%
No matching quizzes found
Score Distribution
Percent of People with Each Score
Percentile by Number Answered
Your Score History
You have not taken this quiz since the last reset